Basic music theory: 50 ready-to-use activities for grades 3-9
Saved in:
| Main Author: | |
|---|---|
| Format: | Book |
| Language: | English |
| Published: |
Nueva York
Parker Publishing Company
1987
|
| Edition: | 1a. ed |
| Series: | Music Curriculum Activities Library, 1
|
| Subjects: | |
| Tags: |
Add Tag
No Tags, Be the first to tag this record!
|
MARC
| LEADER | 00000cam a2200000 a 4500 | ||
|---|---|---|---|
| 001 | UCC0416 | ||
| 003 | CL-VaPUC | ||
| 008 | 170811e19870000us |||||||||||||||||eng|d | ||
| 020 | |a 0130657077 | ||
| 082 | 0 | 4 | |a 372.87 |b ADA |2 21 |
| 100 | 0 | |a Adair, Audrey J |e author |9 594368 | |
| 245 | 1 | 0 | |a Basic music theory: 50 ready-to-use activities for grades 3-9 |
| 250 | |a 1a. ed | ||
| 300 | |a 84 p | ||
| 942 | |c BK | ||
| 945 | |d 20170811 15:21:00 |a dcastane | ||
| 260 | |a Nueva York |b Parker Publishing Company |c 1987 | ||
| 650 | 0 | |a Enseñanza de la música |9 339802 | |
| 650 | 0 | |a Teoría musical |9 265760 | |
| 583 | |a last modification |c 20170811 15:21:00 |k Rodrigo Vera | ||
| 490 | 0 | |a Music Curriculum Activities Library, 1 | |
| 999 | |c 369260 |d 369258 | ||
| 952 | |0 0 |1 0 |3 erb |4 0 |6 372_870000000000000_ADA_1987 |7 0 |8 ? |9 484902 |a BIBEDU |b BIBEDU |i 5413613 |o 372.87 ADA 1987 |p 5413613 |r 2023-01-12 |w 2019-11-24 |y BK |z Catalogado en:20170811 |k MUS | ||